000 01112nam a2200229 a 4500
001 83252
003 BD-RjUL
005 20240306123950.0
008 240306s1966 p ||||| |||| 00| 0 u d
035 _a(BD-RjUL)83252
040 _aBD-RjUL
_beng
_cBD-RjUL
041 _aurd
082 _223
_a297.814
_bMIS 1966
100 1 0 _aمهر، غلام رسول، Mihr, G̲h̲ulām Rasūl
_d1895-1971
_912073
245 1 0 _a سيّد احمد شهيد : مجاهد کبير حضرت سيّد احمد بريلوى کے مفصّل سوانح حيات اور ان کى تحريک احياء دين کى مکمّل سرگزشت / Sayyid Aḥmad Shahīd : mujāhid-i kabīr Ḥaẓrat Sayyid Aḥmad Barelvī ke mufaṣṣil savāniḥ-i ḥayāt aur un kī taḥrīk-i iḥyāʼ-yi dīn kī mukammal sarguzisht/
_cغلام رسول مهر., ، / G̲h̲ulām Rasūl Mihr,
260 _a Lāhaur:
_bKitab Manjil ,
_c1968
300 _aV. ;. ;
_c23 cm
505 _aVol. 1.-- v. ; 2.--
600 _aShahīd, Sayyid Aḥmad
_d 1786-1831
_xBiographies
_912106
650 _aWahhābīyah
_z India
_912107
942 _2ddc
_cBK
999 _c83252
_d83252